[Event "Lichtenberger Sommer 2017"]
[Site "Berlin"]
[Date "2017.08.22"]
[Round "4.39"]
[White "Teichert, Felix"]
[Black "Schröter, Maik"]
[Result "1-0"]
[WhiteElo "1973"]
[BlackElo "1876"]
[PlyCount "109"]
[EventDate "2017.??.??"]
[WhiteTeam "Leegebrucher SF"]
[BlackTeam "SG Stadtilm"]

1. Nc3 Nf6 2. d4 d5 3. Bf4 a6 4. Nf3 h6 5. h3 Bf5 6. e3 e6 7. Bd3 Bxd3 8. Qxd3
Nc6 9. a3 Bd6 10. Nb1 Ne4 11. Nbd2 Nxd2 12. Qxd2 g5 13. Bxd6 Qxd6 14. Qd3 e5
15. dxe5 Nxe5 16. Qf5 Nxf3+ 17. gxf3 Qe6 18. Qg4 O-O-O 19. O-O-O f5 20. Qd4 Kb8
21. Rd3 Rhe8 22. h4 Qe7 23. hxg5 hxg5 24. Rdd1 c5 25. Qc3 b6 26. Qd3 c4 27.
Qxf5 c3 28. b4 Rf8 29. Qd3 Rxf3 30. Rh7 Rf7 31. Rxf7 Qxf7 32. Qxa6 Rd6 33. Rh1
Qc7 34. Rh8+ Rd8 35. Rh5 d4 36. Rxg5 dxe3 37. fxe3 Qc6 38. Rg1 Qe6 39. Re1 Qd6
40. Qe2 Qd2+ 41. Kb1 Qd6 42. Qb5 Qe6 43. e4 Rd2 44. Qf5 Qd6 45. Qg5 Rd1+ 46.
Rxd1 Qxd1+ 47. Qc1 Qd4 48. Qf4+ Kb7 49. Qf7+ Ka6 50. Qf1+ Ka7 51. Qd3 Qg7 52.
Ka2 Qf7+ 53. Qd5 Qc7 54. Kb3 Kb8 55. e5 1-0

[Event "Lichtenberger Sommer 2017"]
[Site "Berlin"]
[Date "2017.08.22"]
[Round "4.40"]
[White "Keusch, Horst"]
[Black "Meyer-Dunker, Paul"]
[Result "0-1"]
[WhiteElo "1976"]
[BlackElo "1965"]
[PlyCount "100"]
[EventDate "2017.??.??"]
[WhiteTeam "SC Eintracht Berlin"]
[BlackTeam "SC Friesen Lichtenberg"]

1. f4 e5 2. fxe5 d6 3. Nf3 dxe5 4. e4 Nf6 5. Nc3 Bc5 6. Bc4 Nc6 7. d3 a6 8. Bg5
Qd6 9. Rf1 O-O 10. Bxf6 Qxf6 11. Nd5 Qh6 12. Qd2 Qxd2+ 13. Kxd2 b5 14. Bb3 Bd6
15. c3 Bb7 16. Ne3 Na5 17. Bc2 Rfe8 18. b4 Nc6 19. Ng5 Re7 20. Bb3 Rf8 21. Rf2
h6 22. Nf3 Nd8 23. Raf1 Kh7 24. Nh4 Rd7 25. Kc2 c5 26. a3 c4 27. dxc4 Bxe4+ 28.
Kb2 bxc4 29. Nxc4 Bd3 30. Re1 e4 31. Nxd6 Rxd6 32. g4 g6 33. Ng2 Nc6 34. Ne3
Ne5 35. h3 Kg7 36. Rg1 Bb5 37. Kc2 Rd3 38. c4 Rxe3 39. cxb5 Rc8+ 40. Kb2 Nd3+
41. Ka2 Nxf2 42. bxa6 Re2+ 43. Ka1 Rd2 44. b5 e3 45. b6 Nd1 46. Ba2 Rc1+ 47.
Bb1 Rb2 48. Rxd1 Rbxb1+ 49. Ka2 Rxd1 50. a7 e2 0-1

[Event "Lichtenberger Sommer 2017"]
[Site "Berlin"]
[Date "2017.08.22"]
[Round "4.41"]
[White "Tscheuschner, Georg"]
[Black "Seefeld, Marc"]
[Result "1-0"]
[WhiteElo "1992"]
[BlackElo "1924"]
[PlyCount "73"]
[EventDate "2017.??.??"]
[WhiteTeam "SV Mattnetz Berlin"]
[BlackTeam "Läufer Reinickendorf"]

1. c4 Nf6 2. Nc3 g6 3. g3 Bg7 4. Bg2 O-O 5. Nf3 d6 6. O-O e5 7. Rb1 a5 8. a3 c6
9. b4 axb4 10. axb4 Nbd7 11. Qb3 Qe7 12. Rd1 Ne8 13. Ba3 f5 14. b5 e4 15. Ne1
Ndf6 16. bxc6 bxc6 17. Nc2 Nd7 18. c5+ Qf7 19. cxd6 Qxb3 20. Rxb3 Be5 21. f3
Bxd6 22. fxe4 Bxa3 23. Rxa3 Rxa3 24. Nxa3 fxe4 25. Nxe4 Ba6 26. d3 Nef6 27.
Nxf6+ Rxf6 28. Rc1 c5 29. Bh3 Bc8 30. d4 Rf8 31. Be6+ Kg7 32. Nb5 cxd4 33. Rc7
Rd8 34. Nxd4 Kf6 35. Nc6 Re8 36. Bxd7 Bxd7 37. Rxd7 1-0

[Event "Lichtenberger Sommer 2017"]
[Site "Berlin"]
[Date "2017.08.22"]
[Round "4.42"]
[White "Hüls, Maximilian"]
[Black "Silz, Elisa"]
[Result "1-0"]
[WhiteElo "1767"]
[BlackElo "2023"]
[PlyCount "61"]
[EventDate "2017.??.??"]
[WhiteTeam "SV Mattnetz Berlin"]
[BlackTeam "SV Empor Berlin"]

1. e4 c5 2. c3 Nf6 3. e5 Nd5 4. Nf3 e6 5. d4 cxd4 6. cxd4 d6 7. Bc4 Be7 8. O-O
O-O 9. Qe2 b6 10. Bd2 Bb7 11. Nc3 Nxc3 12. Bxc3 Re8 13. Rad1 d5 14. Bd3 Nd7 15.
Bb1 Nf8 16. Qd3 a5 17. Rfe1 Ba6 18. Qc2 Rc8 19. g3 b5 20. Qe2 Qb6 21. Bd3 Rc6
22. Bd2 Rec8 23. Rc1 Nd7 24. a4 Rxc1 25. Rxc1 Rb8 26. axb5 Bxb5 27. Bxb5 Qxb5
28. Qxb5 Rxb5 29. Rc7 Nxe5 30. Nxe5 Bd6 31. Rc8+ 1-0

[Event "Lichtenberger Sommer 2017"]
[Site "Berlin"]
[Date "2017.08.22"]
[Round "4.43"]
[White "Püschel, Werner"]
[Black "Thomas, Tobias"]
[Result "1/2-1/2"]
[WhiteElo "1998"]
[BlackElo "1877"]
[PlyCount "82"]
[EventDate "2017.??.??"]
[WhiteTeam "Lasker Steglitz-Wilmersdorf"]
[BlackTeam "SK Langen"]

1. g3 d5 2. Bg2 e5 3. d3 Nc6 4. Nd2 Be6 5. c3 Qd7 6. Qc2 O-O-O 7. a3 f5 8. b4
e4 9. Nh3 Nf6 10. d4 h6 11. Nf4 Bf7 12. e3 g5 13. Ne2 Rg8 14. h4 Be6 15. Nb3
Bd6 16. b5 Ne7 17. a4 Kb8 18. Nc5 Bxc5 19. dxc5 Ng6 20. hxg5 hxg5 21. Nd4 Ne5
22. c6 bxc6 23. bxc6 Nxc6 24. Rb1+ Ka8 25. Ba3 Ne5 26. Bf1 Nc4 27. Bxc4 dxc4
28. Rh6 Qf7 29. Nc6 Bd5 30. Nxd8 Rxd8 31. Bc5 Nd7 32. Ba3 Ne5 33. Qd1 Nd3+ 34.
Kf1 g4 35. Qc2 Qg7 36. Rh4 Rh8 37. Be7 Re8 38. Ba3 Rh8 39. Rb4 Rxh4 40. gxh4 c6
41. Rb1 Qf6 1/2-1/2

[Event "Lichtenberger Sommer 2017"]
[Site "Berlin"]
[Date "2017.08.22"]
[Round "4.44"]
[White "Schäfer, Heiko"]
[Black "Bandsom, Olaf"]
[Result "1-0"]
[WhiteElo "1993"]
[BlackElo "1827"]
[PlyCount "42"]
[EventDate "2017.??.??"]
[WhiteTeam "Potsdamer SV"]
[BlackTeam "SC Friesen Lichtenberg"]

1. Nf3 Nc6 2. d4 d5 3. c4 Nf6 4. cxd5 Qxd5 5. Nc3 Qa5 6. Bd2 e6 7. e4 Bd7 8.
Nd5 Nb4 9. Nxf6+ gxf6 10. a3 Qb6 11. Bxb4 Bxb4+ 12. axb4 Qxb4+ 13. Qd2 Qb6 14.
Be2 O-O-O 15. O-O Rhg8 16. Rfc1 Bc6 17. Qc2 f5 18. d5 exd5 19. Ne5 fxe4 20.
Nxc6 Qxc6 21. Qxc6 bxc6 1-0

[Event "Lichtenberger Sommer 2017"]
[Site "Berlin"]
[Date "2017.08.22"]
[Round "4.45"]
[White "Woinowski, Michael"]
[Black "Daoud, Marcel"]
[Result "0-1"]
[WhiteElo "1761"]
[BlackElo "1928"]
[PlyCount "52"]
[EventDate "2017.??.??"]
[WhiteTeam "SC Kreuzberg"]
[BlackTeam "SK Freising"]

1. e4 c5 2. Nc3 g6 3. f4 Bg7 4. Nf3 Nc6 5. Bb5 Nd4 6. O-O e6 7. a4 Ne7 8. e5 a6
9. Be2 d5 10. d3 O-O 11. Be3 Nxf3+ 12. Bxf3 d4 13. Ne4 dxe3 14. g4 Rb8 15. Qe2
b6 16. Nd6 g5 17. Qxe3 Ng6 18. Be4 gxf4 19. Qh3 Bxe5 20. Bxg6 fxg6 21. Ne4 Bd4+
22. Kh1 Bb7 23. Qh6 Bxe4+ 24. dxe4 Qf6 25. g5 Qe5 26. Rae1 f3 0-1

[Event "Lichtenberger Sommer 2017"]
[Site "Berlin"]
[Date "2017.08.22"]
[Round "4.46"]
[White "Kapr, Klaus"]
[Black "Baumgaertner, Andre"]
[Result "1/2-1/2"]
[WhiteElo "2007"]
[BlackElo "1652"]
[PlyCount "33"]
[EventDate "2017.??.??"]
[WhiteTeam "SC Friesen Lichtenberg"]
[BlackTeam "SC Friesen Lichtenberg"]

1. e4 e5 2. Nf3 Nc6 3. Bb5 a6 4. Ba4 d6 5. O-O Nf6 6. d3 Be7 7. h3 h6 8. c3 O-O
9. Nbd2 b5 10. Bb3 Be6 11. Re1 Na5 12. Bxe6 fxe6 13. d4 exd4 14. Nxd4 Qd7 15.
f4 c5 16. N4b3 Nc6 17. Nf1 1/2-1/2

[Event "Lichtenberger Sommer 2017"]
[Site "Berlin"]
[Date "2017.08.22"]
[Round "4.47"]
[White "Schmalisch, Bastian"]
[Black "Krefenstein, Sergej"]
[Result "1-0"]
[WhiteElo "1600"]
[BlackElo "2173"]
[PlyCount "95"]
[EventDate "2017.??.??"]
[WhiteTeam "vereinslos"]
[BlackTeam "TuS Makkabi Berlin"]

1. d4 e6 2. c4 Nf6 3. Nc3 Bb4 4. Nf3 b6 5. Bg5 Bb7 6. e3 O-O 7. Be2 h6 8. Bh4
c5 9. a3 Bxc3+ 10. bxc3 Nc6 11. Qd3 d6 12. h3 e5 13. Nd2 exd4 14. cxd4 cxd4 15.
exd4 Re8 16. Nf3 Qe7 17. Ra2 Rac8 18. O-O Na5 19. Bxf6 Qxf6 20. Nd2 Ba6 21. Bg4
Rc7 22. Rc1 g6 23. Rac2 h5 24. Bf3 Rec8 25. Bd5 Kg7 26. Ne4 Qe7 27. Nd2 Nc6 28.
Qc3 Qf6 29. Bxc6 Rxc6 30. Ne4 Rxc4 31. Nxf6 Rxc3 32. Rxc3 Rxc3 33. Nxh5+ gxh5
34. Rxc3 Bb5 35. Rc7 d5 36. Rxa7 Bc4 37. g4 hxg4 38. hxg4 Be2 39. Kh2 b5 40.
Kg3 Kg6 41. f4 f6 42. Rd7 Bc4 43. Rd6 Kf7 44. g5 fxg5 45. fxg5 Bb3 46. Kf4 Bc4
47. Ke5 Bb3 48. Rxd5 1-0

[Event "Lichtenberger Sommer 2017"]
[Site "Berlin"]
[Date "2017.08.22"]
[Round "4.48"]
[White "Guenther, Thomas"]
[Black "Ritter, Uwe"]
[Result "1-0"]
[WhiteElo "2061"]
[BlackElo "1953"]
[PlyCount "103"]
[EventDate "2017.??.??"]
[WhiteTeam "SV Senat (FV Schach)"]
[BlackTeam "Reideburger SV"]

1. d4 d5 2. Nf3 f5 3. e3 e6 4. c4 c6 5. Nc3 Bd6 6. b3 Nf6 7. Bb2 O-O 8. Bd3 Ne4
9. O-O Nd7 10. Ne2 Qf6 11. Qc2 Ng5 12. Nxg5 Qxg5 13. f4 Qe7 14. c5 Bc7 15. Kh1
Nf6 16. Ng1 Ng4 17. Qe2 Qh4 18. Nf3 Qh5 19. g3 Nf6 20. b4 Ne4 21. Bxe4 fxe4 22.
Ng1 Qxe2 23. Nxe2 Bd7 24. g4 a6 25. Bc3 Rf7 26. Kg2 Raf8 27. g5 g6 28. Rab1 h5
29. a4 Ra8 30. Be1 Bd8 31. h4 Kf8 32. Nc3 Ke8 33. Bg3 Rf5 34. Rb3 Bc8 35. Rfb1
Kd7 36. Be1 Bc7 37. Bd2 Kd8 38. b5 Ba5 39. bxc6 bxc6 40. Nxe4 Bxd2 41. Nxd2 Kc7
42. Nf3 a5 43. Ne5 Rxe5 44. fxe5 Ba6 45. Rb6 Ra7 46. Rb8 Bc8 47. R8b2 Bd7 48.
Rf2 Be8 49. Rf8 Ra8 50. Rb6 Kd7 51. Rb7+ Kc8 52. Rg7 1-0

[Event "Lichtenberger Sommer 2017"]
[Site "Berlin"]
[Date "2017.08.22"]
[Round "4.49"]
[White "Lehmkuhl, Stefan"]
[Black "Oelmann, Henry"]
[Result "0-1"]
[WhiteElo "1873"]
[BlackElo "1992"]
[PlyCount "59"]
[EventDate "2017.??.??"]
[WhiteTeam "Breloher SC"]
[BlackTeam "SC Oranienburg"]

1. d4 Nf6 2. c4 e6 3. Nf3 b6 4. g3 Bb7 5. Bg2 Be7 6. O-O O-O 7. a3 Ne4 8. Qc2
f5 9. Nc3 d6 10. h4 h6 11. Rd1 Nd7 12. d5 Nxc3 13. Qxc3 e5 14. b4 c5 15. Bb2
Bf6 16. Qc2 e4 17. Nh2 a5 18. bxa5 Rxa5 19. Nf1 Bxb2 20. Qxb2 Ne5 21. Ne3 Ba6
22. Rdc1 f4 23. gxf4 Rxf4 24. Rf1 Nxc4 25. Nxc4 Bxc4 26. Qc1 Qxh4 27. Qxc4 e3
28. Qxf4 Qxf4 29. fxe3 Qxe3+ 30. Rf2 0-1

[Event "Lichtenberger Sommer 2017"]
[Site "Berlin"]
[Date "2017.08.22"]
[Round "4.50"]
[White "Miowitz, Torsten"]
[Black "Jaeger, Andre"]
[Result "1/2-1/2"]
[WhiteElo "1857"]
[BlackElo "1994"]
[PlyCount "120"]
[EventDate "2017.??.??"]
[WhiteTeam "Lasker Steglitz-Wilmersdorf"]
[BlackTeam "SC Rochade (Berlin)"]

1. d4 Nf6 2. c4 d6 3. Nc3 Nbd7 4. e4 e5 5. Nge2 c6 6. f3 Be7 7. Be3 O-O 8. Qd2
d5 9. cxd5 cxd5 10. Ng3 dxe4 11. Ngxe4 Nxe4 12. Nxe4 exd4 13. Bxd4 f5 14. Bc4+
Kh8 15. Qc3 Nf6 16. O-O-O Bd7 17. Nxf6 Bxf6 18. Bxf6 Rxf6 19. Qd4 Qc7 20. Kb1
Be6 21. Bxe6 Rxe6 22. Qd7 Qxd7 23. Rxd7 b6 24. Rhd1 Kg8 25. R1d5 Rc8 26. a3
Re1+ 27. Ka2 Re2 28. Rxa7 Rxg2 29. h4 Rh2 30. Rb7 Rxh4 31. Rxf5 Rh6 32. Rg5 g6
33. Re5 Rh3 34. Ree7 Rf8 35. Rxb6 Rhxf3 36. Rbb7 R8f7 37. a4 Rxe7 38. Rxe7 h5
39. a5 h4 40. Re4 g5 41. Re5 Rf4 42. Rxg5+ Kf7 43. Ka3 Kf6 44. Rh5 Kg6 45. Rh8
Kg7 46. Rc8 h3 47. Rc7+ Kg6 48. Rc1 h2 49. a6 Rf6 50. Rh1 Rxa6+ 51. Kb3 Rb6+
52. Ka2 Ra6+ 53. Kb1 Kf5 54. Rxh2 Ke4 55. Rd2 Rb6 56. Rd8 Ke5 57. Rc8 Kd4 58.
Kc2 Rb5 59. b3 Rc5+ 60. Rxc5 Kxc5 1/2-1/2

[Event "Lichtenberger Sommer 2017"]
[Site "Berlin"]
[Date "2017.08.22"]
[Round "4.51"]
[White "Schmalzried, Volker"]
[Black "Acikel, Mert"]
[Result "0-1"]
[WhiteElo "1858"]
[BlackElo "1914"]
[PlyCount "84"]
[EventDate "2017.??.??"]
[WhiteTeam "vereinslos"]
[BlackTeam "SK König Tegel"]

1. c4 e6 2. Nc3 d5 3. cxd5 exd5 4. Nf3 Nf6 5. d4 c6 6. e3 Bf5 7. Bd3 Bxd3 8.
Qxd3 Bd6 9. O-O O-O 10. e4 dxe4 11. Nxe4 Nxe4 12. Qxe4 Re8 13. Qd3 Nd7 14. Be3
Qc7 15. a3 Nf6 16. h3 h6 17. Rfe1 Nd5 18. Bd2 Bf4 19. Rxe8+ Rxe8 20. Re1 Rxe1+
21. Bxe1 Qb6 22. b4 Qc7 23. Qe2 Qd7 24. Qe4 Bc1 25. Qd3 Qe6 26. Bd2 Bxd2 27.
Qxd2 Qe4 28. Qe1 Qxe1+ 29. Nxe1 Nc3 30. Nc2 Kf8 31. g3 Ke7 32. Kg2 Ke6 33. Kf3
Kd5 34. g4 Kc4 35. Ne3+ Kb3 36. Nf5 Kxa3 37. Nxg7 Kxb4 38. Nf5 a5 39. Nxh6 a4
40. Nf5 a3 41. Ne3 a2 42. h4 Kb3 0-1

[Event "Lichtenberger Sommer 2017"]
[Site "Berlin"]
[Date "2017.08.22"]
[Round "4.52"]
[White "Lange, Cecilia"]
[Black "Korell, Klaus-Peter"]
[Result "0-1"]
[WhiteElo "1886"]
[BlackElo "1852"]
[PlyCount "114"]
[EventDate "2017.??.??"]
[WhiteTeam "TSG Oberschöneweide"]
[BlackTeam "SG TT/Wiheil"]

1. e4 e6 2. d4 d5 3. Nd2 Be7 4. Bd3 c5 5. c3 Nc6 6. Ne2 cxd4 7. cxd4 dxe4 8.
Nxe4 Nf6 9. O-O O-O 10. Be3 Nb4 11. Bb1 Bd7 12. Nf4 Bc6 13. Ng5 Qd7 14. Nh5 g6
15. Nf4 Rfd8 16. Nf3 Qc7 17. a3 Nbd5 18. Ne5 Bd6 19. Nfd3 Bb5 20. Qc1 Rac8 21.
Nf3 Qb8 22. Qe1 Ng4 23. h3 Nh2 24. Nxh2 Bxh2+ 25. Kh1 Bf4 26. Qd2 Nxe3 27. fxe3
Bh6 28. Qf2 Qc7 29. Re1 Bg7 30. Nf4 e5 31. dxe5 Qxe5 32. Ba2 Bc4 33. b3 Bb5 34.
Rad1 Bf8 35. a4 Bc6 36. Nd3 Qh5 37. Kg1 Rd7 38. Nb2 Rcd8 39. Rxd7 Rxd7 40. Rf1
Qe5 41. Nc4 Qe6 42. Qe2 Bb4 43. Rd1 Rxd1+ 44. Qxd1 Bc5 45. Qd2 Qe4 46. Kf1 a6
47. a5 Qf5+ 48. Ke1 Be7 49. b4 Qb5 50. Nd6 Qe5 51. Nxf7 Bh4+ 52. Kf1 Qa1+ 53.
Ke2 Bb5+ 54. Kf3 Qf6+ 55. Ke4 Qf5+ 56. Kd4 Bf6+ 57. Ne5+ Kg7 0-1

[Event "Lichtenberger Sommer 2017"]
[Site "Berlin"]
[Date "2017.08.22"]
[Round "4.53"]
[White "Kretzschmar, Jan"]
[Black "Fuchs, Dominik"]
[Result "1/2-1/2"]
[WhiteElo "1819"]
[BlackElo "1865"]
[PlyCount "94"]
[EventDate "2017.??.??"]
[WhiteTeam "SC Kreuzberg"]
[BlackTeam "SC Zitadelle Spandau"]

1. d4 Nf6 2. Nf3 e6 3. c4 Bb4+ 4. Bd2 c5 5. g3 b6 6. Bxb4 cxb4 7. Bg2 Bb7 8.
O-O O-O 9. Nbd2 d6 10. Nb3 Qe7 11. e3 Nbd7 12. Nfd2 Bxg2 13. Kxg2 Rac8 14. a3
bxa3 15. Rxa3 Rc7 16. Qa1 a5 17. Nc1 d5 18. b3 Ne8 19. Ne2 dxc4 20. bxc4 Nd6
21. Rc1 Rfc8 22. Rac3 e5 23. Ng1 Ne4 24. Nxe4 exd4 25. exd4 Qxe4+ 26. Nf3 g5
27. Re1 Qa8 28. Qc1 f6 29. g4 b5 30. c5 b4 31. Rd3 Qd5 32. Qb1 Nf8 33. Qb3 Qxb3
34. Rxb3 Ng6 35. Ra1 Nf4+ 36. Kg3 Ra7 37. Rxb4 axb4 38. Rxa7 Rb8 39. c6 Nd5 40.
Rb7 Rc8 41. Rb5 Nc3 42. Rxb4 Rxc6 43. Kg2 Ra6 44. Rb2 Ra1 45. Rd2 Ne4 46. Re2
Nc3 47. Rd2 Ne4 1/2-1/2

[Event "Lichtenberger Sommer 2017"]
[Site "Berlin"]
[Date "2017.08.22"]
[Round "4.54"]
[White "Schubert, Joachim"]
[Black "Mayer, Herbert"]
[Result "1-0"]
[WhiteElo "1893"]
[BlackElo "1867"]
[PlyCount "97"]
[EventDate "2017.??.??"]
[WhiteTeam "SC Friesen Lichtenberg"]
[BlackTeam "SC Rochade (Berlin)"]

1. e4 c5 2. Nf3 e6 3. d4 cxd4 4. Nxd4 a6 5. a4 Nc6 6. Be3 Nf6 7. f3 d5 8. Nxc6
bxc6 9. e5 Nd7 10. f4 Be7 11. Bd3 Nc5 12. Be2 Rb8 13. b3 Qa5+ 14. Bd2 Qb6 15.
Be3 Qa5+ 16. Nd2 Ne4 17. O-O Nc3 18. Qe1 Nxe2+ 19. Qxe2 Bb4 20. Rad1 Bc5 21.
Rf3 Be7 22. Rh3 g6 23. Qf2 c5 24. Nf1 Bb7 25. Bd2 Qc7 26. Rc3 f5 27. exf6 Bxf6
28. Rxc5 Qd7 29. Be3 Be7 30. Rc3 Kf7 31. Bd4 Rhc8 32. Rh3 Kg8 33. Qe3 Bd6 34.
c3 Rf8 35. Rf3 Bc8 36. b4 Qxa4 37. Rc1 Qd7 38. h4 Qc7 39. g3 Rf5 40. Nh2 h5 41.
Rcf1 Kh7 42. g4 hxg4 43. Nxg4 Qf7 44. Kg2 Bd7 45. Kg3 Rf8 46. R1f2 g5 47. hxg5
Rxg5 48. Rh2+ Rh5 49. Nf6+ 1-0

[Event "Lichtenberger Sommer 2017"]
[Site "Berlin"]
[Date "2017.08.22"]
[Round "4.55"]
[White "Landt, Stefan"]
[Black "Reck, Jessica"]
[Result "1-0"]
[WhiteElo "1913"]
[BlackElo "1730"]
[PlyCount "69"]
[EventDate "2017.??.??"]
[WhiteTeam "SV Berolina Mitte"]
[BlackTeam "SK König Tegel"]

1. d4 Nf6 2. c4 g6 3. Nf3 Bg7 4. Nc3 O-O 5. e4 d6 6. h3 c5 7. d5 e6 8. Bd3 Re8
9. O-O exd5 10. exd5 Na6 11. Bg5 Bf5 12. Bxf5 gxf5 13. Nh4 h6 14. Bxf6 Qxf6 15.
Qh5 f4 16. Rae1 Re5 17. Rxe5 Qxe5 18. Nf5 Nc7 19. Nxh6+ Bxh6 20. Qxh6 Re8 21.
Qh4 f5 22. Qg5+ Kh7 23. Qh5+ Kg7 24. Rd1 Qf6 25. Nb5 Rh8 26. Qf3 Nxb5 27. cxb5
Qxb2 28. Qxf4 Qe2 29. Qg5+ Kf7 30. Qxf5+ Ke7 31. Qb1 Kd7 32. Re1 Qh5 33. Qe4
Qg5 34. a4 Rh4 35. Qe8+ 1-0

[Event "Lichtenberger Sommer 2017"]
[Site "Berlin"]
[Date "2017.08.22"]
[Round "4.56"]
[White "Bartoszewski-Reiski, Olaf"]
[Black "Willich, Manfred"]
[Result "1-0"]
[WhiteElo "1740"]
[BlackElo "1961"]
[PlyCount "67"]
[EventDate "2017.??.??"]
[WhiteTeam "Korona Gdansk"]
[BlackTeam "SK Turm Bad Hersfeld"]

1. e4 c5 2. Nf3 e6 3. d4 cxd4 4. Nxd4 a6 5. c4 Nf6 6. Nc3 Bb4 7. Bd3 Qc7 8. O-O
Nc6 9. Nf3 O-O 10. Bg5 Be7 11. Qe2 d6 12. Rac1 Re8 13. Nd5 exd5 14. cxd5 h6 15.
Bf4 Bd7 16. dxc6 Bxc6 17. Nd4 Bf8 18. Nxc6 bxc6 19. Qc2 Rec8 20. Bc4 Qb7 21.
Bb3 a5 22. Ba4 Ra6 23. Rfd1 Qb4 24. f3 d5 25. Be5 Nd7 26. Bc3 Qc5+ 27. Bd4 Qxc2
28. Rxc2 dxe4 29. Bb5 cxb5 30. Rxc8 exf3 31. Bf2 Ne5 32. Rdd8 Ng6 33. Bc5 Re6
34. Bxf8 1-0

[Event "Lichtenberger Sommer 2017"]
[Site "Berlin"]
[Date "2017.08.22"]
[Round "4.57"]
[White "Rehmsmeier, Marc"]
[Black "Ziems, Michael"]
[Result "1-0"]
[WhiteElo "1698"]
[BlackElo "1816"]
[PlyCount "79"]
[EventDate "2017.??.??"]
[WhiteTeam "vereinslos"]
[BlackTeam "SV Empor Berlin"]

1. d4 e6 2. c4 d5 3. Nc3 Nf6 4. cxd5 exd5 5. Bg5 Be7 6. e3 O-O 7. Bd3 c6 8.
Nge2 Ng4 9. Bf4 Bg5 10. Qc2 h6 11. h3 Bxf4 12. Nxf4 Nf6 13. O-O-O b5 14. Kb1 a5
15. g4 Na6 16. a3 b4 17. Na4 bxa3 18. bxa3 Qe7 19. Ka2 Be6 20. Bxa6 Rxa6 21.
Nc5 Bc8 22. Rb1 Ra8 23. Rb2 Nd7 24. Nfd3 Nxc5 25. Nxc5 f5 26. Rg1 Qh4 27. Rg3
fxg4 28. hxg4 a4 29. Qe2 Qg5 30. f4 Qh4 31. Qg2 Ra7 32. g5 hxg5 33. Rxg5 Bf5
34. Nb7 Qh7 35. Qg1 g6 36. Nd6 Bd3 37. f5 Rg7 38. Rh2 Bb1+ 39. Kxb1 Rb8+ 40.
Ka2 1-0

[Event "Lichtenberger Sommer 2017"]
[Site "Berlin"]
[Date "2017.08.22"]
[Round "4.58"]
[White "Ros Gorne, Ramon"]
[Black "Bender, Leon"]
[Result "1/2-1/2"]
[WhiteElo "1645"]
[BlackElo "2016"]
[PlyCount "126"]
[EventDate "2017.??.??"]
[WhiteTeam "Sant Boi de Llobregat"]
[BlackTeam "Sfr. Kelkheim"]

1. e4 e5 2. Nf3 Nc6 3. d4 exd4 4. Nxd4 Nf6 5. Nxc6 bxc6 6. e5 Qe7 7. Qe2 Nd5 8.
c4 Ba6 9. b3 Qh4 10. a3 Bc5 11. Ra2 O-O 12. g3 Qe7 13. Bg2 Bd4 14. Bb2 Bxb2 15.
Rxb2 Rfe8 16. O-O Nb6 17. Re1 Bb7 18. Qe3 a5 19. Qc3 d6 20. Rbe2 d5 21. c5 Nd7
22. e6 fxe6 23. Rxe6 Qxe6 24. Rxe6 Rxe6 25. Bh3 Re7 26. Bxd7 Rxd7 27. Qe5 Rf7
28. Nd2 Kf8 29. f4 Bc8 30. Nf3 Bf5 31. Qc3 Re7 32. Ne5 Be4 33. Nxc6 Re6 34. Ne5
a4 35. b4 Rd8 36. Qd4 c6 37. Kf2 g5 38. Nf3 Bxf3 39. Qh8+ Ke7 40. Qxh7+ Ke8 41.
Kxf3 gxf4 42. gxf4 d4 43. Qg8+ Kd7 44. Qf7+ Re7 45. Qf6 Re3+ 46. Kf2 Kc7 47. b5
cxb5 48. Qb6+ Kc8 49. c6 Re7 50. Qa6+ Kb8 51. Qb6+ Kc8 52. Qa6+ Kb8 53. Qxb5+
Kc8 54. Qxa4 d3 55. Qa8+ Kc7 56. Qb7+ Kd6 57. Qb4+ Ke6 58. Ke1 d2+ 59. Kd1 Kf7
60. Qc4+ Kf8 61. Qc5 Kf7 62. Qf5+ Kg7 63. Qg5+ Kf7 1/2-1/2

[Event "Lichtenberger Sommer 2017"]
[Site "Berlin"]
[Date "2017.08.22"]
[Round "4.59"]
[White "Matthes, Aaron"]
[Black "Schmidt, Jürgen"]
[Result "0-1"]
[WhiteElo "1736"]
[BlackElo "1952"]
[PlyCount "52"]
[EventDate "2017.??.??"]
[WhiteTeam "SC Oranienburg"]
[BlackTeam "SC Kreuzberg"]

1. d4 d5 2. c4 e6 3. Nc3 Nf6 4. cxd5 exd5 5. Bg5 Be7 6. e3 O-O 7. Bd3 c6 8. Qc2
Nbd7 9. Nf3 Re8 10. O-O Nf8 11. Nd2 Ng4 12. Bxe7 Qxe7 13. Rae1 Qd6 14. Nf3 Re6
15. e4 dxe4 16. Nxe4 Qd8 17. Neg5 Rh6 18. h3 Nf6 19. Re2 Nd5 20. Bc4 Ne6 21.
Bxd5 cxd5 22. Rfe1 Bd7 23. h4 Nxg5 24. hxg5 Rc6 25. Qb3 Be6 26. Qxb7 Rb6 0-1

[Event "Lichtenberger Sommer 2017"]
[Site "Berlin"]
[Date "2017.08.22"]
[Round "4.60"]
[White "Klühs, Gustaf"]
[Black "Dreke, Frank"]
[Result "1/2-1/2"]
[WhiteElo "1680"]
[BlackElo "1958"]
[PlyCount "42"]
[EventDate "2017.??.??"]
[WhiteTeam "Borussia Friedrichsfelde"]
[BlackTeam "SV Mattnetz Berlin"]

1. d4 Nf6 2. Nf3 e6 3. c4 Bb4+ 4. Bd2 Qe7 5. Bxb4 Qxb4+ 6. Qd2 Qxc4 7. e3 Qc6
8. Nc3 Ne4 9. Nxe4 Qxe4 10. Bd3 Qg4 11. O-O d5 12. h3 Qh5 13. Rac1 c6 14. b4
O-O 15. Rc2 f6 16. e4 a6 17. e5 Nd7 18. Re1 Nb6 19. Qc3 Bd7 20. Qc5 Nc8 21.
Rce2 f5 1/2-1/2

[Event "Lichtenberger Sommer 2017"]
[Site "Berlin"]
[Date "2017.08.22"]
[Round "4.61"]
[White "Kurzweil, Thomas"]
[Black "Bollenbach, Horst"]
[Result "1-0"]
[WhiteElo "1918"]
[BlackElo "1723"]
[PlyCount "109"]
[EventDate "2017.??.??"]
[WhiteTeam "Spgem Kötz/Ichenhausen"]
[BlackTeam "SC Friesen Lichtenberg"]

1. d4 Nf6 2. Nf3 d5 3. c4 c6 4. Nc3 h6 5. Bf4 Bf5 6. Qb3 Qb6 7. Qxb6 axb6 8.
cxd5 Nxd5 9. Nxd5 cxd5 10. e3 Bd7 11. Bd3 Nc6 12. a3 Nb4 13. Kd2 Nxd3 14. Kxd3
g5 15. Bc7 b5 16. Rhc1 Bf5+ 17. Kd2 f6 18. Rc5 b4 19. Rxd5 e6 20. Ra5 Rc8 21.
Rc1 Be4 22. Bb6 Bc6 23. Ne1 Rh7 24. g3 Rd7 25. Nd3 bxa3 26. bxa3 Kf7 27. Rc3
Re8 28. Ra7 Bf3 29. Bc5 Bg7 30. Bb6 Kg6 31. a4 e5 32. Kc1 exd4 33. Bxd4 f5 34.
Ra5 Bxd4 35. exd4 Rd5 36. Rxd5 Bxd5 37. Rc5 Bg2 38. Kd2 Ra8 39. a5 Ra6 40. Ne5+
Kf6 41. Nd7+ Ke7 42. Nb6 Ke6 43. Kc3 f4 44. gxf4 gxf4 45. Kb4 Bf3 46. Rc8 Kd6
47. Rf8 h5 48. Rxf4 Bg4 49. f3 Be6 50. Rf6 Ke7 51. Rh6 Bf7 52. d5 Rxb6+ 53.
axb6 Bxd5 54. Rxh5 Bxf3 55. Rh6 1-0

[Event "Lichtenberger Sommer 2017"]
[Site "Berlin"]
[Date "2017.08.22"]
[Round "4.62"]
[White "Nabel, Matthias"]
[Black "Stein, Siegfried"]
[Result "1/2-1/2"]
[WhiteElo "1940"]
[BlackElo "1761"]
[PlyCount "98"]
[EventDate "2017.??.??"]
[WhiteTeam "SV Motor Wildau"]
[BlackTeam "SV Berolina Mitte"]

1. Nf3 Nf6 2. d4 g6 3. c4 Bg7 4. Nc3 d6 5. e4 O-O 6. Be2 e5 7. O-O Nc6 8. d5
Ne7 9. Ne1 Nd7 10. Nd3 a6 11. b4 f5 12. f3 f4 13. c5 g5 14. Ba3 Rf6 15. Qb3 Kh8
16. b5 Bf8 17. Na4 axb5 18. Qxb5 Ng6 19. c6 bxc6 20. Qxc6 Ba6 21. Qc2 Bxd3 22.
Bxd3 Qb8 23. Kh1 Rf7 24. Bc1 Qa7 25. Nc3 Qd4 26. Bb5 Nf6 27. Rd1 Qa7 28. Bc6
Rb8 29. a4 Ne7 30. Nb5 Qc5 31. Qxc5 dxc5 32. Nxc7 Nxc6 33. Ne6 Nd4 34. Nxg5 Ra7
35. Bd2 Rba8 36. Rab1 Rxa4 37. Nf7+ Kg8 38. Nxe5 Nh5 39. Nd3 Ne2 40. Re1 c4 41.
Nb2 c3 42. Nxa4 Neg3+ 43. hxg3 cxd2 44. Red1 Nxg3+ 45. Kh2 Rxa4 46. Rxd2 Ra6
47. Kh3 Rh6+ 48. Kg4 Bd6 49. Ra2 Rg6+ 1/2-1/2

[Event "Lichtenberger Sommer 2017"]
[Site "Berlin"]
[Date "2017.08.22"]
[Round "4.63"]
[White "Tedesco, Gennaro"]
[Black "Bandlow, Matthias"]
[Result "1/2-1/2"]
[WhiteElo "1613"]
[BlackElo "1945"]
[PlyCount "61"]
[EventDate "2017.??.??"]
[WhiteTeam "SC Kreuzberg"]
[BlackTeam "Borussia Friedrichsfelde"]

1. d4 d5 2. c4 e6 3. Nf3 Nf6 4. g3 Be7 5. Bg2 O-O 6. O-O c5 7. cxd5 exd5 8. Qc2
b6 9. Rd1 Bb7 10. Nc3 Nc6 11. a3 h6 12. Bf4 Bd6 13. Bxd6 Qxd6 14. Nb5 Qe7 15.
Rac1 a6 16. Nc3 c4 17. e3 b5 18. Nd2 Rfd8 19. Ra1 Bc8 20. b3 Bg4 21. Re1 Rac8
22. bxc4 bxc4 23. Na4 Qa7 24. Nc5 Ne7 25. Qa4 Rxc5 26. dxc5 Nd7 27. c6 Nc5 28.
Qc2 Nd3 29. Qa4 Nxe1 30. Rxe1 Qb6 31. e4 1/2-1/2